| 000 | 01260nam a2200313 i 4500 | ||
|---|---|---|---|
| 001 | 113763 | ||
| 003 | ES-MaACL | ||
| 005 | 20250805062424.0 | ||
| 007 | t| | ||
| 008 | 061121s1909 sp |||| | spa d | ||
| 040 | _cES-MaACL | ||
| 080 | _a327(460:560)"15" | ||
| 080 | _a929 Carlos (460) I | ||
| 080 | _a94(460)"1516/56" | ||
| 100 | 1 |
_aPacheco y de Leyva, Enrique, _d1878-1924 _988141 _eaut |
|
| 245 | 1 | 0 |
_aCarlos V y los turcos en 1552 : _bla Jornada de Viena según un manuscrito inédito del siglo XVI existente en la Biblioteca del Escorial / _cpor Enrique Pacheco y de Leyva. |
| 260 |
_aMadrid : _b[s.n.], _c1909 _f(Imp. del Asilo de Huérfanos) |
||
| 300 |
_a78 páginas ; _c24 cm. |
||
| 530 | _aDisponible en formato digital | ||
| 594 | _aPrecede al tít.: Estudio histórico. | ||
| 600 | 0 | 4 |
_aCarlos _bI, _cRey de España _935296 |
| 651 | 4 |
_aEspaña- _xHistoria- _y1516-1556, Carlos I. _98224 |
|
| 651 | 4 |
_aEspaña- _xRelaciones- _zTurquía. _98478 |
|
| 852 |
_aES-MaACL _cDEPOF _jT-1205-F-6 |
||
| 856 |
_uhttps://bvpb.mcu.es/es/consulta/registro.do?id=577770 _yVersión en línea _z(Biblioteca Virtual del Patrimonio Bibliográfico) |
||
| 942 |
_cFOLLETOS _n0 |
||
| 999 |
_c113763 _d113763 |
||